50 Series Tv Par Images - Statistiques

Statistiques générales
  • Ce quiz a été pris 589 fois
  • Le résultat moyen est 21 sur 50
Statistiques - réponses
Hint Réponse % Correct
Squid Game
96%
Breaking Bad
93%
Friends
88%
Game Of Thrones
87%
Malcolm
86%
Peaky Blinders
84%
The Walking Dead
83%
Desperate Housewives
75%
Lost
74%
Narcos
70%
Stranger Things
70%
Vikings
69%
Sherlock
63%
The Office
63%
How I Met Your Mother
57%
Buffy
54%
Euphoria
54%
Doctor Who
53%
The Last Of Us
52%
Dexter
46%
Suits
46%
X-files
44%
Better Call Saul
42%
Chernobyl
41%
Mr. Robot
39%
Brooklyn Nine-Nine
38%
Twin Peaks
38%
Modern Family
37%
House of Cards
34%
Sons of Anarchy
31%
Supernatural
30%
Downton Abbey
29%
Dark
22%
Severance
22%
The Sopranos
20%
This Is Us
20%
24
18%
Fargo
17%
Westworld
16%
Band Of Brothers
14%
Person Of Interest
14%
Succession
13%
Homeland
12%
Community
10%
Legends Of Tomorrow
10%
Broadchurch
9%
From
9%
Parks and Recreation
6%
Psych
5%
Arrested Development
4%
Aucun quiz correspondant
Distribution des résultats
% des personnes avec chaque résultat
Percentile par nombre de réponses
Votre historique - résultats
Vous n’avez pas pris ce quiz